<?xml version="1.0" encoding="UTF-8"?>
<collection xmlns="http://www.loc.gov/MARC21/slim">
    <record>
        <controlfield tag="001">12724</controlfield>
        <controlfield tag="005">20170831220516.0</controlfield>
        <datafield tag="037" ind1=" " ind2=" ">
            <subfield code="a">TAZ-TFM-2013-995</subfield>
        </datafield>
        <datafield tag="041" ind1=" " ind2=" ">
            <subfield code="a">spa</subfield>
        </datafield>
        <datafield tag="100" ind1="1" ind2=" ">
            <subfield code="a">David Vela Sevilla</subfield>
        </datafield>
        <datafield tag="245" ind1="0" ind2="0">
            <subfield code="a">¿ECONOMÍA DE GUERRA O REVOLUCIÓN SOCIAL? LAS COLECTIVIDADES AGRARIAS LIBERTARIAS DURANTE LA GUERRA CIVIL EN ARAGÓN, 1936-1938</subfield>
        </datafield>
        <datafield tag="260" ind1=" " ind2=" ">
            <subfield code="a">Zaragoza</subfield>
            <subfield code="b">Universidad de Zaragoza</subfield>
            <subfield code="c">2013</subfield>
        </datafield>
        <datafield tag="506" ind1=" " ind2=" ">
            <subfield code="a">by-nc-sa</subfield>
            <subfield code="b">Creative Commons</subfield>
            <subfield code="c">3.0</subfield>
            <subfield code="u">http://creativecommons.org/licenses/by-nc-sa/3.0/</subfield>
        </datafield>
        <datafield tag="500" ind1=" " ind2=" ">
            <subfield code="a">The military uprising against the Second Spanish Republic started on 17th and 18th July 1936. It meant for large parts of the Spanish working class a catalyst and trigger for the social revolution that occurred in Republican territory. This social revolution was directed against the foundations of the old social order, the Church, the Army, the landlord class. That is, it was directed against the institutions that represent the tradition and property. The social revolution would be the transformation of the old model in the new social, political, economic and cultural. The implementation of the revolutionary process brought collectivization, both agricultural and industrial and commercial, compared to the large land ownership and private ownership of the means of production.</subfield>
        </datafield>
        <datafield tag="520" ind1=" " ind2=" ">
            <subfield code="a">El levantamiento militar contra la Segunda República Española iniciado el 17 y 18 de julio de 1936 supuso para grandes sectores de la clase obrera española un catalizador y un elemento desencadenante de la revolución social que se produjo en el territorio republicano. Esta revolución social se dirigió contra los fundamentos del viejo orden social, la Iglesia, el Ejército, la clase terrateniente, es decir, contra las instituciones que representaban la tradición y la propiedad. La revolución social consistiría en la transformación del viejo modelo en un nuevo orden social, político, económico y cultural. La puesta en práctica del proceso revolucionario trajo consigo las colectivizaciones, tanto agrarias como industriales y mercantiles, frente a la gran propiedad agraria y la propiedad privada de los medios de producción.</subfield>
        </datafield>
        <datafield tag="521" ind1=" " ind2=" ">
            <subfield code="a">Máster Universitario en Historia Contemporánea</subfield>
        </datafield>
        <datafield tag="540" ind1=" " ind2=" ">
            <subfield code="a">Derechos regulados por licencia Creative Commons</subfield>
        </datafield>
        <datafield tag="653" ind1="1" ind2=" ">
            <subfield code="a">aragón</subfield>
        </datafield>
        <datafield tag="653" ind1="1" ind2=" ">
            <subfield code="a">guerra civil</subfield>
        </datafield>
        <datafield tag="653" ind1="1" ind2=" ">
            <subfield code="a">anarquismo</subfield>
        </datafield>
        <datafield tag="653" ind1="1" ind2=" ">
            <subfield code="a">revolución social</subfield>
        </datafield>
        <datafield tag="653" ind1="1" ind2=" ">
            <subfield code="a">colectividades</subfield>
        </datafield>
        <datafield tag="653" ind1="1" ind2=" ">
            <subfield code="a">colectividades agrarias</subfield>
        </datafield>
        <datafield tag="653" ind1="1" ind2=" ">
            <subfield code="a"> comunismo libertario</subfield>
        </datafield>
        <datafield tag="653" ind1="1" ind2=" ">
            <subfield code="a"> consejo de aragón</subfield>
        </datafield>
        <datafield tag="700" ind1=" " ind2=" ">
            <subfield code="a">Casanova Ruiz, Julián</subfield>
            <subfield code="e">dir.</subfield>
        </datafield>
        <datafield tag="710" ind1="2" ind2=" ">
            <subfield code="a">Universidad de Zaragoza</subfield>
            <subfield code="b">Historia Moderna y Contemporánea</subfield>
            <subfield code="c">Historia Contemporánea</subfield>
        </datafield>
        <datafield tag="856" ind1="0" ind2=" ">
            <subfield code="f">562872@celes.unizar.es</subfield>
        </datafield>
        <datafield tag="856" ind1="4" ind2=" ">
            <subfield code="s">2998289</subfield>
            <subfield code="u">http://zaguan.unizar.es/record/12724/files/TAZ-TFM-2013-995.pdf</subfield>
            <subfield code="y">Memoria (spa)</subfield>
        </datafield>
        <datafield tag="909" ind1="C" ind2="O">
            <subfield code="o">oai:zaguan.unizar.es:12724</subfield>
            <subfield code="p">driver</subfield>
            <subfield code="p">trabajos-fin-master</subfield>
        </datafield>
        <datafield tag="950" ind1=" " ind2=" ">
            <subfield code="a"></subfield>
        </datafield>
        <datafield tag="980" ind1=" " ind2=" ">
            <subfield code="a">TAZ</subfield>
            <subfield code="b">TFM</subfield>
            <subfield code="c">FFYL</subfield>
        </datafield>
    </record>

    
</collection>